WW2 Pacific quiz - Statistics

General Stats
  • This quiz has been taken 191 times
  • The average score is 9 of 16
Answer Stats
Hint Answer % Correct
Island where Pearl Harbor is located Oahu
88%
Battle considered the turning point in the pacific Battle of Midway
87%
Primary American general in the pacific Douglas MacArthur
84%
British territory invaded by the Japanese in February 1942 Singapore
80%
Australian city bombed by the Japanese Darwin
79%
Southeast Asian nation which allied with Japan Thailand
77%
Country where the battle of Guadalcanal took place Solomon Islands
70%
Date of the attack on Pearl Harbor December 7
66%
City retaken by the allies in 1945 Manila
62%
Late war, bloody, battle Battle of Okinawa
55%
Commander of the Japanese Fleet Isoroku Yamamoto
51%
Leader of the American Navy in the Pacific Chester Nimitz
42%
Large carrier against carrier battle Battle of the Coral Sea
27%
Peninsula in the Philippines sharing its name with a battle Bataan
26%
Date of Japanese surrender August 10
23%
One of the largest naval battles in history Battle of Leyte Gulf
20%
No matching quizzes found
Score Distribution
Percent of People with Each Score
Percentile by Number Answered
Your Score History
You have not taken this quiz